[Event "2018 Northern Alberta Open"]
[Site "?"]
[Date "2018.02.10"]
[Round "1"]
[White "Karmali, Hafiz"]
[Black "Robertson, Trevor"]
[Result "1-0"]
[WhiteElo "2051"]
[BlackElo "1666"]
[PlyCount "87"]
[SourceDate "2017.09.01"]

1. e4 e6 2. d4 d5 3. Nd2 c5 4. c3 cxd4 5. cxd4 Nc6 6. Ngf3 Bb4 7. Bd3 Nge7 8.
O-O dxe4 9. Nxe4 Nf5 10. Be3 Nxe3 11. fxe3 Be7 12. Rc1 h6 13. Bb1 Qb6 14. Rf2
O-O 15. Qd3 f5 16. Nc5 Nb4 17. Qe2 Bxc5 18. Rxc5 Bd7 19. Ne5 Qd6 20. e4 Nc6 21.
Nxc6 Bxc6 22. exf5 exf5 23. Rcxf5 Rxf5 24. Bxf5 Re8 25. Qd2 Qd5 26. Bb1 Rd8 27.
Qd3 Qe4 28. Qxe4 Bxe4 29. Bxe4 Rxd4 30. Bxb7 Rd1+ 31. Rf1 Rd2 32. b4 Rd6 33. a4
Rd4 34. Rb1 Rd6 35. Kf2 Kf7 36. Ke3 Ke7 37. Rb3 Rb6 38. Be4 Ke6 39. b5 a6 40.
a5 Rb8 41. b6 Kd6 42. b7 Kc7 43. Rb6 Re8 44. Rxa6 1-0

[Event "2018 Northern Alberta Open"]
[Site "?"]
[Date "2018.02.10"]
[Round "1"]
[White "McGinnis, Paul"]
[Black "Briones, Dante"]
[Result "0-1"]
[WhiteElo "1664"]
[BlackElo "2040"]
[PlyCount "68"]
[SourceDate "2017.09.01"]

1. Nf3 d5 2. g3 c5 3. Bg2 Nc6 4. O-O Nf6 5. d3 e5 6. Nbd2 Be7 7. e4 d4 8. h3
O-O 9. Nc4 Qc7 10. Nh4 b5 11. Nd2 g6 12. Re1 Be6 13. Nf1 Nh5 14. Nf5 Bf6 15.
Nh6+ Kh8 16. g4 Nf4 17. Bxf4 exf4 18. e5 Bg5 19. Nxf7+ Rxf7 20. Qf3 Rc8 21. Nd2
Nb4 22. Qd1 Nxa2 23. Rxa2 Bxa2 24. b3 Re7 25. Nf3 Bh6 26. Qa1 Qa5 27. Qb2 Rc6
28. Ra1 Ra6 29. Nxd4 cxd4 30. Qxd4 Qc7 31. Qb2 Qxe5 32. Rxa2 Qxb2 33. Rxb2 Ra1+
34. Kh2 Re2 0-1

[Event "2018 Northern Alberta Open"]
[Site "?"]
[Date "2018.02.10"]
[Round "1"]
[White "Pradzinski, Tim"]
[Black "Clemens, John"]
[Result "1-0"]
[WhiteElo "1925"]
[BlackElo "1512"]
[PlyCount "81"]
[SourceDate "2017.09.01"]

1. e4 e6 2. d4 d5 3. exd5 exd5 4. Nc3 Nf6 5. h3 Be6 6. Be3 a6 7. Bd3 Bb4 8.
Nge2 O-O 9. a3 Bd6 10. Qd2 Nbd7 11. f4 Nb6 12. b3 Re8 13. f5 Bd7 14. O-O Qe7
15. Bg5 Rac8 16. b4 c6 17. Rae1 Qd8 18. Nf4 Rxe1 19. Qxe1 h6 20. Bh4 Qc7 21.
Bxf6 Bxf4 22. Be5 Bxe5 23. Qxe5 Qxe5 24. dxe5 Re8 25. Re1 Nc8 26. Na4 Nd6 27.
g4 f6 28. e6 Bc8 29. Kf2 Kf8 30. Nb6 Ke7 31. c4 dxc4 32. Bxc4 Nxc4 33. Nxc4 b5
34. Na5 Kd6 35. Rd1+ Kc7 36. Ke3 Bxe6 37. fxe6 Rxe6+ 38. Kf3 g5 39. Nb3 Rd6 40.
Rxd6 Kxd6 41. Ke4 1-0

[Event "2018 Northern Alberta Open"]
[Site "?"]
[Date "2018.02.10"]
[Round "1"]
[White "Nolan, Pat"]
[Black "Dave, Bhavik"]
[Result "0-1"]
[WhiteElo "1425"]
[BlackElo "1865"]
[PlyCount "96"]
[SourceDate "2017.09.01"]

1. d4 Nf6 2. c4 g6 3. Nc3 d5 4. Nf3 Bg7 5. Bg5 Ne4 6. Nxe4 dxe4 7. Ng1 Bxd4 8.
e3 Bxb2 9. Qxd8+ Kxd8 10. Rd1+ Ke8 11. Ne2 Nd7 12. g3 Ne5 13. Ng1 Bg4 14. Be2
Bxe2 15. Kxe2 h5 16. Rb1 Nxc4 17. Bf4 c6 18. Rxb2 Nxb2 19. Be5 Nc4 20. Bxh8 f6
21. Bg7 Kf7 22. Bh6 Rh8 23. Bf4 e5 24. Bxe5 Nxe5 25. Nh3 Rd8 26. Rb1 b6 27. Rb4
f5 28. Nf4 Nd3 29. Nxd3 exd3+ 30. Kd2 c5 31. Rc4 Ke6 32. f4 Kd5 33. Kxd3 b5 34.
Rc2 c4+ 35. Ke2 Ke4 36. a4 a6 37. axb5 axb5 38. Rb2 Rd5 39. Rb1 Rc5 40. Rd1 Rd5
41. Rb1 Rd3 42. Rxb5 Rxe3+ 43. Kf2 Rb3 44. Re5+ Kd3 45. Re3+ Kd4 46. Re1 Rb2+
47. Re2 c3 48. Ke1 c2 0-1

[Event "2018 Northern Alberta Open"]
[Site "?"]
[Date "2018.02.10"]
[Round "2"]
[White "Offengenden, Ron"]
[Black "Bertrand, Daryl"]
[Result "1-0"]
[WhiteElo "1599"]
[BlackElo "2029"]
[PlyCount "50"]
[SourceDate "2017.09.01"]

1. e4 e5 2. Nf3 Nc6 3. Bc4 Nf6 4. d3 h6 5. O-O d6 6. h3 Be7 7. Nc3 O-O 8. Be3
Na5 9. Bb3 Nxb3 10. axb3 a6 11. Qd2 c5 12. Kh1 Be6 13. Kg1 Nh7 14. Nh2 f5 15.
f4 exf4 16. Bxf4 g5 17. exf5 Bxf5 18. Be3 d5 19. d4 Rc8 20. dxc5 d4 21. Qxd4
Qxd4 22. Bxd4 Bxc2 23. b4 Rfd8 24. Nf3 Nf8 25. Rfe1 Ng6 {forfeit} 1-0

[Event "2018 Northern Alberta Open"]
[Site "?"]
[Date "2018.02.10"]
[Round "2"]
[White "Guevarra, Alvin"]
[Black "Green, Jason"]
[Result "1-0"]
[WhiteElo "1566"]
[BlackElo "1985"]
[PlyCount "77"]
[SourceDate "2017.09.01"]

1. d4 Nf6 2. Nf3 c5 3. d5 e6 4. c4 b5 5. dxe6 fxe6 6. Na3 bxc4 7. Nxc4 d5 8.
Nce5 Bd6 9. g3 O-O 10. Bg5 Qc7 11. Bxf6 Rxf6 12. Ng4 Rf8 13. Bg2 Nc6 14. O-O
Bb7 15. Ng5 Qe7 16. Nxe6 Rfe8 17. Bxd5 Nd4 18. Bxb7 Qxb7 19. Nxd4 cxd4 20. Qxd4
Rad8 21. Ne3 Kh8 22. Rfd1 Rf8 23. Nd5 Qf7 24. e4 Bc7 25. Qe3 Rxd5 26. Rxd5 Bb6
27. Qe2 Bxf2+ 28. Kg2 Bb6 29. Rf1 Qe7 30. Rxf8+ Qxf8 31. Rf5 Qb4 32. a3 Qd6 33.
Rd5 Qf6 34. Rf5 Qd6 35. Qf3 Qd2+ 36. Kh3 Qd7 37. g4 g6 38. Rf8+ Kg7 39. Qf6+
1-0

[Event "2018 Northern Alberta Open"]
[Site "?"]
[Date "2018.02.10"]
[Round "2"]
[White "Zeggelaar, Mike"]
[Black "Cao, Lucy"]
[Result "1-0"]
[WhiteElo "1951"]
[BlackElo "1593"]
[PlyCount "25"]
[SourceDate "2017.09.01"]

1. e4 Nf6 2. Nc3 e5 3. Nf3 Nc6 4. Nxe5 Nxe5 5. d4 Nc6 6. d5 Ne5 7. f4 Ng6 8. e5
Ng8 9. d6 cxd6 10. exd6 Qf6 11. Nb5 Rb8 12. Qe2+ Qe6 13. Nc7+ 1-0

[Event "2018 Northern Alberta Open"]
[Site "?"]
[Date "2018.02.10"]
[Round "2"]
[White "Hughey, Leah"]
[Black "Nolan, Pat"]
[Result "1-0"]
[WhiteElo "1680"]
[BlackElo "1463"]
[PlyCount "89"]
[SourceDate "2017.09.01"]

1. c4 Nf6 2. g3 d6 3. Bg2 g6 4. Nc3 Bg7 5. Nf3 O-O 6. O-O c6 7. d4 Qb6 8. a3
Bf5 9. b4 a6 10. Re1 Rd8 11. Qb3 Nbd7 12. c5 dxc5 13. Ng5 Rf8 14. e4 cxd4 15.
Na4 Qb5 16. exf5 Qxf5 17. Rxe7 Ng4 18. Bf4 Rae8 19. Be4 Qf6 20. Rxd7 h6 21.
Nxf7 Rxf7 22. Qxf7+ Qxf7 23. Rxf7 Kxf7 24. Bf3 Ne5 25. Bxe5 Bxe5 26. Nc5 d3 27.
Rd1 Rd8 28. Nxb7 Rd7 29. Nc5 Rd8 30. Rxd3 Bd4 31. Bxc6 Ke7 32. Be4 g5 33. Nb3
Bb2 34. Rxd8 Kxd8 35. a4 Kc7 36. Kg2 Kb6 37. Bd3 Bc3 38. b5 a5 39. Kf3 Be1 40.
h3 Kc7 41. Ke2 Bb4 42. f3 Kd6 43. Ke3 Be1 44. Ke4 Bxg3 45. Nxa5 1-0

[Event "2018 Northern Alberta Open"]
[Site "?"]
[Date "2018.02.10"]
[Round "2"]
[White "Saley, Amartya"]
[Black "McGinnis, Paul"]
[Result "0-1"]
[WhiteElo "1095"]
[BlackElo "1664"]
[PlyCount "50"]
[SourceDate "2017.09.01"]

1. e4 d6 2. d4 Nd7 3. Nf3 e5 4. d5 Ngf6 5. Nc3 Be7 6. Bd3 c6 7. dxc6 bxc6 8.
Be3 Qc7 9. Qe2 Rb8 10. Rb1 h6 11. h4 Nf8 12. Nd2 Ng4 13. Nb3 Nxe3 14. Qxe3 Ng6
15. g3 Be6 16. h5 Bg5 17. Qe2 Ne7 18. Bc4 O-O 19. Bxe6 fxe6 20. Nd2 d5 21. Qg4
Bxd2+ 22. Kxd2 Rxf2+ 23. Kd1 Qd7 24. Qh4 dxe4+ 25. Ke1 Qd2# 0-1

[Event "2018 Northern Alberta Open"]
[Site "?"]
[Date "2018.02.10"]
[Round "2"]
[White "Dave, Bhavik"]
[Black "Malek, Omid"]
[Result "0-1"]
[WhiteElo "1865"]
[BlackElo "2190"]
[PlyCount "62"]
[SourceDate "2017.09.01"]

1. d4 Nf6 2. c4 e6 3. Nc3 Bb4 4. Nf3 Ne4 5. Qc2 f5 6. g3 O-O 7. Bg2 d6 8. O-O
Bxc3 9. bxc3 Nd7 10. Rb1 Ndf6 11. Ng5 Nxg5 12. Bxg5 c6 13. d5 cxd5 14. cxd5 e5
15. e4 h6 16. Bxf6 Qxf6 17. exf5 Bxf5 18. Be4 Bh3 19. Rfe1 Rf7 20. f3 Raf8 21.
c4 b6 22. a4 Rc7 23. Qd3 Bf5 24. Kg2 Bd7 25. Ra1 Rc5 26. Rec1 h5 27. Bh7+ Kh8
28. Qg6 Qxf3+ 29. Kg1 Qf2+ 30. Kh1 Bh3 31. Qc2 Bg2# 0-1

[Event "2018 Northern Alberta Open"]
[Site "?"]
[Date "2018.02.10"]
[Round "2"]
[White "Kalisvaart, Peter"]
[Black "van Niekerk, Anton"]
[Result "1/2-1/2"]
[WhiteElo "2116"]
[BlackElo "1879"]
[PlyCount "75"]
[SourceDate "2017.09.01"]

1. d4 Nf6 2. Bg5 d5 3. Nd2 Bf5 4. Bxf6 gxf6 5. e3 Nd7 6. g4 Bg6 7. f4 f5 8. g5
h6 9. gxh6 Rxh6 10. Ngf3 Bh5 11. c3 c6 12. Qb3 Qc7 13. c4 e6 14. cxd5 cxd5 15.
Kf2 O-O-O 16. Be2 Kb8 17. Rac1 Qa5 18. Rc2 Be7 19. Rhc1 Qb4 20. Qxb4 Bxb4 21.
Nf1 Nf6 22. Ng5 Ne4+ 23. Nxe4 fxe4 24. Bxh5 Rxh5 25. Kg1 Bd6 26. Rg2 Rh6 27.
Rg7 f6 28. Ng3 Rhh8 29. Kg2 e5 30. dxe5 fxe5 31. f5 d4 32. Nxe4 dxe3 33. f6 Bb4
34. Rcc7 e2 35. Rxb7+ Ka8 36. Rxa7+ Kb8 37. Rab7+ Ka8 38. Ra7+ 1/2-1/2

[Event "2018 Northern Alberta Open"]
[Site "?"]
[Date "2018.02.10"]
[Round "2"]
[White "Chandra, Anand Rishi"]
[Black "Karmali, Hafiz"]
[Result "0-1"]
[WhiteElo "1811"]
[BlackElo "2051"]
[PlyCount "112"]
[SourceDate "2017.09.01"]

1. e4 Nf6 2. e5 Nd5 3. d4 d6 4. Nf3 g6 5. c4 Nb6 6. Nc3 Bg7 7. exd6 cxd6 8. Be3
Nc6 9. h3 Bf5 10. a3 a5 11. Be2 O-O 12. O-O d5 13. cxd5 Nxd5 14. Qb3 Nxe3 15.
fxe3 Rb8 16. Bc4 e5 17. d5 e4 18. Nd2 Ne5 19. Be2 Qg5 20. Ncxe4 Qh6 21. Ng3 a4
22. Qb6 Nd7 23. Nxf5 Nxb6 24. Nxh6+ Bxh6 25. Rf3 Nxd5 26. Nf1 Bg7 27. Rb1 b5
28. e4 Bd4+ 29. Kh1 Nf6 30. Ng3 b4 31. axb4 Rxb4 32. b3 Be5 33. Bc4 a3 34. Rff1
Kg7 35. Ne2 Nxe4 36. Ra1 Bxa1 37. Rxa1 Ra8 38. Ra2 Rb6 39. Bd5 Re8 40. Bc4 Nd6
41. Bd5 Re5 42. Nc3 Nb5 43. Nxb5 Rxd5 44. Nxa3 Ra5 45. Nc4 Rxa2 46. Nxb6 Rb2
47. Kg1 Rxb3 48. Nd5 Rb2 49. Kh2 f5 50. Kg3 Kf7 51. Kf3 Ke6 52. Nf4+ Kd6 53.
Nd3 Rb3 54. Ke2 Kd5 55. g4 Kd4 56. Nf2 f4 0-1

[Event "2018 Northern Alberta Open"]
[Site "?"]
[Date "2018.02.10"]
[Round "2"]
[White "Koperski, Dustin"]
[Black "Miller, David"]
[Result "1-0"]
[WhiteElo "1793"]
[BlackElo "2233"]
[PlyCount "79"]
[SourceDate "2017.09.01"]

1. e4 e6 2. d4 d5 3. Nd2 c5 4. exd5 exd5 5. Bb5+ Bd7 6. Qe2+ Be7 7. dxc5 Nf6 8.
Ngf3 O-O 9. Bxd7 Nbxd7 10. Nb3 Re8 11. O-O Bxc5 12. Qb5 Bb6 13. Bg5 Qc7 14.
Nbd4 a6 15. Qd3 Re4 16. c3 Rae8 17. h3 Nh5 18. Rac1 Nf4 19. Bxf4 Qxf4 20. Rcd1
Nf6 21. Qd2 Nh5 22. g3 Qf6 23. Kg2 Qg6 24. Qg5 Nf6 25. Qxg6 fxg6 26. Rfe1 h6
27. Kf1 Kf7 28. Nd2 Rxe1+ 29. Rxe1 Ne4 30. N2f3 Bxd4 31. cxd4 Rc8 32. Ne5+ Kf6
33. Ng4+ Kf7 34. Ne5+ Kf6 35. Ng4+ Kg5 36. Ne3 Rf8 37. f4+ Kh5 38. Kg2 Rd8 {
missing move} 39. g4+ Kh4 40. Kh2 1-0

[Event "2018 Northern Alberta Open"]
[Site "?"]
[Date "2018.02.10"]
[Round "2"]
[White "Robertson, Trevor"]
[Black "Laceste, Loren"]
[Result "0-1"]
[WhiteElo "1666"]
[BlackElo "2295"]
[PlyCount "74"]
[SourceDate "2017.09.01"]

1. c4 e6 2. Nf3 d5 3. cxd5 exd5 4. d4 Nf6 5. Nc3 Be7 6. Bf4 c6 7. h3 Bf5 8. e3
Nbd7 9. Bd3 Ne4 10. Nd2 Nxc3 11. Qc2 Bxd3 12. Qxd3 Ne4 13. Nxe4 dxe4 14. Qxe4
Qa5+ 15. Ke2 Nf6 16. Qd3 O-O 17. Rhc1 Nd5 18. Bh2 f5 19. a4 Rae8 20. Qc4 Kh8
21. Kf1 Bh4 22. Be5 Bf6 23. Bd6 Be7 24. Be5 Qd8 25. b4 Bxb4 26. Rab1 a5 27. Rb3
Qh4 28. Qe2 f4 29. exf4 Nxf4 30. Qe4 Qh6 31. Rc2 Ng6 32. Rf3 Rxf3 33. Qxf3 Nxe5
34. dxe5 Rxe5 35. g4 Qf6 36. Qd3 h6 37. Qd7 Qf3 0-1

[Event "2018 Northern Alberta Open"]
[Site "?"]
[Date "2018.02.10"]
[Round "2"]
[White "Kalashyan, Hayrapet"]
[Black "Ratte, Cameron"]
[Result "0-1"]
[WhiteElo "1570"]
[BlackElo "1798"]
[PlyCount "78"]
[SourceDate "2017.09.01"]

1. d4 Nf6 2. Nf3 g6 3. Nc3 d5 4. Bf4 Bg7 5. e3 O-O 6. Be2 c5 7. h3 Nc6 8. O-O
cxd4 9. exd4 a6 10. a4 Bf5 11. Qd2 Ne4 12. Qe3 Rc8 13. Rfd1 Nxc3 14. bxc3 Na5
15. Bd3 Bxd3 16. Rxd3 Nc4 17. Qc1 Qa5 18. Qb1 Nd6 19. Qe1 Ne4 20. Bd2 Rc4 21.
Ne5 Rxa4 22. Rxa4 Qxa4 23. f3 Nxd2 24. Qxd2 Bxe5 25. dxe5 e6 26. Rd4 Qa1+ 27.
Kh2 Rc8 28. Qh6 Qxc3 29. Rh4 Qxe5+ 30. f4 Qg7 31. Qg5 f6 32. Qg3 f5 33. Qb3 Qe7
34. g3 Qc7 35. c3 Qxc3 36. Qxc3 Rxc3 37. g4 Kg7 38. gxf5 exf5 39. Kg2 a5 0-1

[Event "2018 Northern Alberta Open"]
[Site "?"]
[Date "2018.02.10"]
[Round "2"]
[White "Haessel, Dale"]
[Black "Pradzinski, Tim"]
[Result "1-0"]
[WhiteElo "2297"]
[BlackElo "1925"]
[PlyCount "61"]
[SourceDate "2017.09.01"]

1. d4 d5 2. c4 e5 3. dxe5 d4 4. Nf3 Nc6 5. g3 Bg4 6. Bg2 Rb8 7. Nbd2 Bb4 8. O-O
Nge7 9. Nb3 Bxf3 10. Bxf3 Nxe5 11. a3 Bd6 12. Nxd4 O-O 13. b3 a6 14. Bg2 h6 15.
Ra2 Qc8 16. Rd2 N7g6 17. Bb2 Re8 18. Qc2 Be7 19. Nf5 Bf6 20. Bh3 Kh7 21. f4 Nc6
22. Bxf6 gxf6 23. Kg2 Rd8 24. Nd6 Qxh3+ 25. Kxh3 Rxd6 26. Rxd6 cxd6 27. Rd1 Rd8
28. Rd5 Nce7 29. Rd2 Kg7 30. Qd1 Nf5 31. e4 1-0

[Event "2018 Northern Alberta Open"]
[Site "?"]
[Date "2018.02.10"]
[Round "2"]
[White "Findlay, Ian"]
[Black "Daniluk, Jim"]
[Result "1/2-1/2"]
[WhiteElo "2307"]
[BlackElo "1974"]
[PlyCount "58"]
[SourceDate "2017.09.01"]

1. e4 c5 2. Nf3 Nc6 3. d4 cxd4 4. Nxd4 Nf6 5. Nc3 e5 6. Ndb5 d6 7. Bg5 a6 8.
Na3 b5 9. Nd5 Be7 10. Bxf6 Bxf6 11. c3 Rb8 12. Nc2 Bg5 13. Be2 O-O 14. O-O g6
15. a4 bxa4 16. Ncb4 Nxb4 17. Nxb4 Rb6 18. Rxa4 Bb7 19. Nd5 Rxb2 20. Bc4 Rd2
21. Qb3 Bxd5 22. Bxd5 Be3 23. Ra2 Rxa2 24. Qxa2 Bc5 25. Qxa6 Qb6 26. Qxb6 Bxb6
27. Rb1 Rb8 28. Kf1 Kf8 29. g3 Ke7 1/2-1/2

[Event "2018 Northern Alberta Open"]
[Site "?"]
[Date "2018.02.10"]
[Round "3"]
[White "Karmali, Hafiz"]
[Black "Haessel, Dale"]
[Result "0-1"]
[WhiteElo "2051"]
[BlackElo "2292"]
[PlyCount "66"]
[SourceDate "2017.09.01"]

1. d4 Nf6 2. c4 g6 3. Nc3 d5 4. cxd5 Nxd5 5. Bd2 Bg7 6. e4 Nb6 7. Be3 O-O 8.
Rc1 e5 9. d5 c6 10. h4 cxd5 11. Bxb6 axb6 12. Nxd5 Nc6 13. h5 Be6 14. Bc4 Nd4
15. hxg6 hxg6 16. Nc7 Bxc4 17. Nxa8 Qg5 18. g3 Bxa2 19. Nxb6 Bb3 20. Qd2 Qg4
21. Rh4 Qe6 22. Qb4 Bf6 23. Rh1 Qg4 24. f3 Qxg3+ 25. Kf1 Rd8 26. Rh3 Qf4 27.
Rc3 Be6 28. Nd5 Bxh3+ 29. Nxh3 Qh4 30. Nxf6+ Qxf6 31. Qxb7 Nxf3 32. Nf2 Rd2 33.
Qa7 Nd4 0-1

[Event "2018 Northern Alberta Open"]
[Site "?"]
[Date "2018.02.10"]
[Round "3"]
[White "Findlay, Ian"]
[Black "Koperski, Dustin"]
[Result "1-0"]
[WhiteElo "2307"]
[BlackElo "1793"]
[PlyCount "77"]
[SourceDate "2017.09.01"]

1. e4 c5 2. Nf3 g6 3. d4 cxd4 4. Nxd4 Nc6 5. Be3 Nf6 6. Nc3 Bg7 7. Bc4 Qa5 8.
O-O O-O 9. Bb3 d6 10. h3 Bd7 11. Re1 Rfc8 12. Nf3 Qd8 13. Bg5 a6 14. Qe2 Be6
15. Bxe6 fxe6 16. e5 Nd5 17. exd6 Qxd6 18. Ne4 Qb4 19. c3 Qb6 20. Rad1 Nd8 21.
Bc1 h6 22. Nd4 e5 23. Nb3 Nf6 24. Ned2 Nf7 25. Nc4 Qc7 26. Nxe5 Nxe5 27. Qxe5
Qxe5 28. Rxe5 Kf7 29. Rde1 Re8 30. Nc5 b6 31. Ne6 Ra7 32. Nxg7 Kxg7 33. Be3 Rb7
34. Re6 Nd5 35. Bd4+ Kf7 36. c4 Nf4 37. Rxb6 Rxb6 38. Bxb6 Rb8 39. Bc7 1-0

[Event "2018 Northern Alberta Open"]
[Site "?"]
[Date "2018.02.10"]
[Round "3"]
[White "Zeggelaar, Mike"]
[Black "Kalisvaart, Peter"]
[Result "1/2-1/2"]
[WhiteElo "1951"]
[BlackElo "2116"]
[PlyCount "69"]
[SourceDate "2017.09.01"]

1. d4 d5 2. c4 Nc6 3. Nf3 Bg4 4. cxd5 Bxf3 5. gxf3 Qxd5 6. e3 e5 7. Nc3 Bb4 8.
Bd2 Bxc3 9. bxc3 exd4 10. cxd4 Nge7 11. Be2 O-O-O 12. Qb3 f5 13. Qxd5 Nxd5 14.
Rc1 Rhe8 15. Bb5 Re6 16. Bxc6 bxc6 17. O-O Ne7 18. Rc4 Ng6 19. Kg2 f4 20. exf4
Nh4+ 21. Kh1 Nxf3 22. Be3 Rd5 23. Rc5 Rxc5 24. dxc5 Rh6 25. Kg2 Nxh2 26. Rg1
Ng4 27. Kf3 Nxe3 28. fxe3 g6 29. e4 Kd7 30. f5 gxf5 31. exf5 Ke7 32. Rg7+ Kf6
33. Rxc7 Kxf5 34. Rxa7 Ke5 35. Rd7 1/2-1/2

[Event "2018 Northern Alberta Open"]
[Site "?"]
[Date "2018.02.10"]
[Round "3"]
[White "Miller, David"]
[Black "Green, Jason"]
[Result "1-0"]
[WhiteElo "2233"]
[BlackElo "1566"]
[PlyCount "45"]
[SourceDate "2017.09.01"]

1. e4 d5 2. exd5 Nf6 3. c4 e6 4. d4 exd5 5. Nc3 Bg4 6. Qb3 Nc6 7. cxd5 Nb4 8.
Bb5+ c6 9. dxc6 bxc6 10. Bc4 Nbd5 11. Nxd5 Nxd5 12. Bxd5 Qxd5 13. Qxd5 cxd5 14.
f3 Bf5 15. Ne2 Kd7 16. Kf2 Bb4 17. a3 Ba5 18. Bf4 Rac8 19. Rac1 h5 20. Rc5 Rxc5
21. dxc5 Kc6 22. Nd4+ Kxc5 23. Nxf5 1-0

[Event "2018 Northern Alberta Open"]
[Site "?"]
[Date "2018.02.10"]
[Round "3"]
[White "Clemens, John"]
[Black "Robertson, Trevor"]
[Result "0-1"]
[WhiteElo "1512"]
[BlackElo "1666"]
[PlyCount "48"]
[SourceDate "2017.09.01"]

1. b3 c5 2. Bb2 d5 3. e3 Nc6 4. f4 Bf5 5. a3 Qb6 6. Nf3 h6 7. h3 e6 8. g4 Bh7
9. d3 Nge7 10. Qe2 O-O-O 11. Nbd2 Rg8 12. h4 g6 13. e4 Bg7 14. e5 Kb8 15. Qf2
Bf8 16. d4 Nc8 17. Bd3 c4 18. Be2 cxb3 19. cxb3 Be7 20. O-O Rdf8 21. Bd3 f6 22.
Bc3 fxe5 23. Nxe5 Nxe5 24. dxe5 Bc5 0-1

[Event "2018 Northern Alberta Open"]
[Site "?"]
[Date "2018.02.10"]
[Round "3"]
[White "Harrop, Breagan"]
[Black "Wei, Daniel"]
[Result "0-1"]
[WhiteElo "1368"]
[BlackElo "1798"]
[PlyCount "43"]
[SourceDate "2017.09.01"]

1. Nf3 d5 2. g3 Nf6 3. Bg2 c5 4. c4 e6 5. b3 Be7 6. Bb2 Bd7 7. d3 Bc6 8. Ne5
Nbd7 9. Nxc6 bxc6 10. Nd2 Qc7 11. O-O O-O 12. a3 Rfb8 13. Ra2 a5 14. Qa1 Ra6
15. Bc3 Bd6 16. b4 axb4 17. Bb2 b3 18. Bxf6 Nxf6 19. Rb2 Be5 20. Qb1 Bxb2 21.
Qxb2 Rab6 22. e4 {unreadable} 0-1

[Event "2018 Northern Alberta Open"]
[Site "?"]
[Date "2018.02.10"]
[Round "3"]
[White "Cao, Lucy"]
[Black "MacDonald, Dean"]
[Result "1-0"]
[WhiteElo "1593"]
[BlackElo "1471"]
[PlyCount "69"]
[SourceDate "2017.09.01"]

1. e4 d6 2. d4 Nf6 3. Nc3 g6 4. Be3 Bg7 5. h3 O-O 6. Bc4 Nbd7 7. f4 e6 8. Nf3
Nb6 9. Bb3 c6 10. Qd2 d5 11. e5 Ne4 12. Nxe4 dxe4 13. Ng5 Nd5 14. Nxe4 Qb6 15.
O-O Nxe3 16. Qxe3 a5 17. Qc3 Qc7 18. Bc4 b6 19. Be2 Qe7 20. Bf3 Ba6 21. Rf2
Rfc8 22. Nd6 Rc7 23. Bxc6 Rd8 24. Qf3 Rxd6 25. exd6 Qxd6 26. Be4 Bxd4 27. Rd1
f5 28. Kh1 Qc5 29. Rfd2 e5 30. Bd5+ Kg7 31. Bb3 e4 32. Qg3 Bxb2 33. Rd7+ Rxd7
34. Rxd7+ Kh8 35. Rd8+ 1-0

[Event "2018 Northern Alberta Open"]
[Site "?"]
[Date "2018.02.10"]
[Round "3"]
[White "Ratte, Cameron"]
[Black "Briones, Dante"]
[Result "1-0"]
[WhiteElo "1719"]
[BlackElo "2040"]
[PlyCount "71"]
[SourceDate "2017.09.01"]

1. e4 e6 2. d4 d5 3. Nc3 Bb4 4. e5 c5 5. a3 Bxc3+ 6. bxc3 Qa5 7. Bd2 Qa4 8. Qb1
a6 9. Nf3 Ne7 10. Qb3 Qc6 11. a4 O-O 12. Be2 c4 13. Qa3 Qc7 14. O-O Nbc6 15.
Nh4 b6 16. f4 Bd7 17. g4 Ng6 18. Be1 f6 19. Nxg6 hxg6 20. Qc1 b5 21. axb5 axb5
22. Rxa8 Rxa8 23. exf6 gxf6 24. f5 Kg7 25. fxe6 Bxe6 26. Bg3 Qd7 27. Qf4 f5 28.
g5 Bf7 29. Bf3 Re8 30. Rb1 Rb8 31. Ra1 b4 32. cxb4 Rxb4 33. Ra8 Bg8 34. Qh4 Rb5
35. Qh6+ Kf7 36. Rf8+ 1-0

[Event "2018 Northern Alberta Open"]
[Site "?"]
[Date "2018.02.10"]
[Round "3"]
[White "Guevarra, Alvin"]
[Black "Offengenden, Ron"]
[Result "0-1"]
[WhiteElo "1985"]
[BlackElo "1599"]
[PlyCount "82"]
[SourceDate "2017.09.01"]

1. d4 d5 2. Nf3 Nf6 3. Bg5 e6 4. Nbd2 Be7 5. e3 b6 6. Bd3 Bb7 7. O-O O-O 8. Re1
Ne4 9. Bxe7 Qxe7 10. Ne5 f6 11. Nef3 Nd7 12. c4 c5 13. Rc1 Kh8 14. Bb1 Nxd2 15.
Qxd2 dxc4 16. Rxc4 Bxf3 17. gxf3 Rad8 18. Rd1 Ne5 19. Qc2 Nxf3+ 20. Kf1 f5 21.
Ke2 Nxh2 22. Rg1 g6 23. dxc5 bxc5 24. f3 Qd6 25. Rh4 Qd2+ 26. Qxd2 Rxd2+ 27.
Kxd2 Nxf3+ 28. Kd3 Nxg1 29. Ra4 Rf7 30. Ra6 Re7 31. Rc6 e5 32. Rxc5 e4+ 33. Kd2
Nf3+ 34. Ke2 Rd7 35. Rc2 h5 36. a4 h4 37. Kf2 Kh7 38. b4 h3 39. b5 h2 40. Rc1
Rd2+ 41. Kg3 Ng1 0-1

[Event "2018 Northern Alberta Open"]
[Site "?"]
[Date "2018.02.11"]
[Round "4"]
[White "Offengenden, Ron"]
[Black "Findlay, Ian"]
[Result "0-1"]
[WhiteElo "1522"]
[BlackElo "2307"]
[PlyCount "64"]
[SourceDate "2017.09.01"]

1. e4 c5 2. Nf3 d6 3. d4 cxd4 4. Nxd4 Nf6 5. Nc3 g6 6. Bc4 Bg7 7. Be3 O-O 8. f3
Nc6 9. Qd2 Bd7 10. O-O-O Rc8 11. Bb3 Nxd4 12. Bxd4 b5 13. Bxa7 b4 14. Nd5 Nxd5
15. exd5 Qa5 16. Bd4 Bxd4 17. Qxd4 e5 18. dxe6 Bxe6 19. Bxe6 fxe6 20. Kb1 d5
21. Qe3 Rc6 22. Qb3 Rfc8 23. Rd2 Rb6 24. Qe3 Ra6 25. a3 bxa3 26. bxa3 Rc3 27.
Qe5 Rxa3 28. Qb8+ Kf7 29. Qb7+ Kf6 30. Qb2+ e5 31. Rd4 Ra1+ 32. Qxa1 Qxa1# 0-1

[Event "2018 Northern Alberta Open"]
[Site "?"]
[Date "2018.02.11"]
[Round "4"]
[White "Malek, Omid"]
[Black "van Niekerk, Anton"]
[Result "1-0"]
[WhiteElo "2190"]
[BlackElo "1879"]
[PlyCount "105"]
[SourceDate "2017.09.01"]

1. d4 Nf6 2. Bg5 d5 3. e3 Bf5 4. Bxf6 gxf6 5. c4 c6 6. Nc3 e6 7. cxd5 cxd5 8.
Bd3 Bxd3 9. Qxd3 Nc6 10. Nge2 a6 11. O-O Bd6 12. e4 dxe4 13. Qxe4 f5 14. Qe3
O-O 15. Rad1 Ne7 16. d5 Nxd5 17. Nxd5 exd5 18. Nc3 Re8 19. Qd3 Be5 20. Nxd5
Bxb2 21. Qg3+ Kh8 22. Nc7 Qb8 23. Nxa8 Qxg3 24. fxg3 Rxa8 25. Rxf5 f6 26. Rfd5
b6 27. Rd8+ Rxd8 28. Rxd8+ Kg7 29. Ra8 a5 30. a4 h6 31. Kf2 Bd4+ 32. Kf3 Kg6
33. g4 f5 34. Re8 fxg4+ 35. Kxg4 h5+ 36. Kf4 Bg1 37. Re6+ Kf7 38. Kf5 h4 39.
Rh6 Bf2 40. Rh7+ Kf8 41. Kg4 Kg8 42. Rb7 Bg1 43. Kxh4 Bxh2 44. Kg5 Bg1 45. g4
Bd4 46. Kg6 Kf8 47. g5 b5 48. Rxb5 Bc3 49. Kh7 Bd2 50. g6 Bc3 51. Rb7 Be5 52.
g7+ Bxg7 53. Rxg7 1-0

[Event "2018 Northern Alberta Open"]
[Site "?"]
[Date "2018.02.11"]
[Round "4"]
[White "Kalisvaart, Peter"]
[Black "Chandra, Anand Rishi"]
[Result "1-0"]
[WhiteElo "2116"]
[BlackElo "1811"]
[PlyCount "75"]
[SourceDate "2017.09.01"]

1. d4 Nf6 2. Bg5 Ne4 3. h4 d5 4. Nd2 Nd6 5. e3 h6 6. Bf4 e6 7. Ngf3 Be7 8. h5
Nd7 9. c3 b6 10. Ne5 Bb7 11. Bd3 Bg5 12. Bxg5 hxg5 13. Nxd7 Qxd7 14. Qg4 O-O-O
15. Qxg5 f6 16. Qg4 c5 17. O-O-O c4 18. Bc2 b5 19. h6 gxh6 20. Qg6 b4 21. Rxh6
Rxh6 22. Qxh6 Nb5 23. Nb1 Qe7 24. Qh7 Qf8 25. Ba4 a6 26. Bxb5 axb5 27. Rh1 Qg8
28. Qxg8 Rxg8 29. g3 e5 30. cxb4 exd4 31. exd4 Rg4 32. Rh4 Rxh4 33. gxh4 Kd7
34. Nc3 Bc6 35. a4 bxa4 36. b5 Bb7 37. Nxa4 Kd6 38. h5 1-0

[Event "2018 Northern Alberta Open"]
[Site "?"]
[Date "2018.02.11"]
[Round "4"]
[White "Wei, Daniel"]
[Black "Karmali, Hafiz"]
[Result "0-1"]
[WhiteElo "1799"]
[BlackElo "2051"]
[PlyCount "52"]
[SourceDate "2017.09.01"]

1. e4 c5 2. Nf3 e6 3. c3 d5 4. exd5 exd5 5. d4 Nc6 6. Bb5 Qb6 7. Ba4 Bg4 8.
dxc5 Bxc5 9. O-O O-O-O 10. b4 Bd6 11. Bxc6 Qxc6 12. Be3 Bb8 13. Nbd2 Nf6 14.
Qb3 Ne4 15. Rfc1 Nxd2 16. Nxd2 Rhe8 17. h3 Bxh3 18. gxh3 Qg6+ 19. Kf1 Qd3+ 20.
Ke1 Rxe3+ 21. fxe3 Re8 22. Kd1 Rxe3 23. Rc2 Bf4 24. a3 Rxh3 25. Kc1 Rh2 26. Qa2
Bxd2+ 0-1